Light of the east: (Vol.1) An insight into Korea

Tallennettuna:
Bibliografiset tiedot
Aineistotyyppi: Kirja
Kieli:Undetermined
Julkaistu: Eeoul Sahm- Bo Publishing Corporation 1972
Aiheet:
Tagit: Lisää tagi
Ei tageja, Lisää ensimmäinen tagi!
Thư viện lưu trữ: Trung tâm Học liệu Trường Đại học Cần Thơ
LEADER 00516nam a2200193Ia 4500
001 CTU_91809
008 210402s9999 xx 000 0 und d
082 |a 951.9 
082 |b L723 
245 0 |a Light of the east: (Vol.1) 
245 3 |b An insight into Korea 
245 0 |c In- Hah Jung edited 
260 |a Eeoul 
260 |b Sahm- Bo Publishing Corporation 
260 |c 1972 
650 |a Korea 
650 |x Light of the east 
904 |i Mai Loan 
980 |a Trung tâm Học liệu Trường Đại học Cần Thơ